000 00973nam a2200313Ia 4500
003 OSt
005 20221006154019.0
006 a|||||r|||| 00| 0
007 ta
008 221006b |||||||| |||| 00| 0 eng d
020 _a9781433101939
024 _a34,180
037 _bGift, Korea Foundation
_cTextual
040 _aEASL
_cEASL
_beng
041 _2eng
_aeng
082 _aY:1.495:g, P8
100 _aShim T Youn-Ja
_9666224
245 0 _aChanging Korea
_b Understanding culture and communication
260 _aNew York
_bPeter Lang
_c2008
300 _a206p.
_ccm.
490 _v KEL
650 _a Intercultural communication - Korea
_9666225
650 _a KEL
650 _aCommunication and culture - Korea
_9666226
700 _a Kim Min-Sun
_9666227
700 _a Martin Judith N
_9666228
942 _hY:1.495:g, P8
_cTEXL
_2CC
999 _c1102266
_d1102266